ပပ်ႉထမ်းၵႅဝ်ႈ(မၢႆ-2) / (Record no. 25296)
[ view plain ]
| 000 -LEADER | |
|---|---|
| fixed length control field | 00774nam a22002177a 4500 |
| 003 - CONTROL NUMBER IDENTIFIER | |
| control field | OSt |
| 005 - DATE AND TIME OF LATEST TRANSACTION | |
| control field | 20260128094525.0 |
| 008 - FIXED-LENGTH DATA ELEMENTS--GENERAL INFORMATION | |
| fixed length control field | 230606b ||||| |||| 00| 0 eng d |
| 040 ## - CATALOGING SOURCE | |
| Transcribing agency | SSBUL |
| 041 ## - LANGUAGE CODE | |
| Language code of text/sound track or separate title | Shan |
| 082 ## - DEWEY DECIMAL CLASSIFICATION NUMBER | |
| Edition number | 23 |
| Classification number | 294.3443 |
| 100 0# - MAIN ENTRY--PERSONAL NAME | |
| Personal name | သုဝရ(မၢဝ်းၶမ်း)၊ |
| Titles and words associated with a name | ၸဝ်ႈသြႃႇ။ |
| 245 10 - TITLE STATEMENT | |
| Title | ပပ်ႉထမ်းၵႅဝ်ႈ(မၢႆ-2) / |
| Statement of responsibility, etc. | ၸဝ်ႈသြႃႇသုဝရ(မၢဝ်းၶမ်း)။ |
| 260 ## - PUBLICATION, DISTRIBUTION, ETC. | |
| Place of publication, distribution, etc. | တႃႈၵုင်ႈ၊ |
| Name of publisher, distributor, etc. | ဢေး၊ |
| Date of publication, distribution, etc. | 2012 ။ |
| 300 ## - PHYSICAL DESCRIPTION | |
| Extent | ၵ၊ 279 ၼႃႈ၊ |
| Dimensions | 20 ၸိၼ်ႇတီႇ။ |
| 500 ## - GENERAL NOTE | |
| General note | S-SAT: Dr. Prof Sai Aung Tun |
| 650 ## - SUBJECT ADDED ENTRY--TOPICAL TERM | |
| Topical term or geographic name entry element | တြႃးၽြႃးပဵၼ်ၸဝ်ႈ |
| 942 ## - ADDED ENTRY ELEMENTS (KOHA) | |
| Koha item type | Books (Long term) |
| 100 0# - MAIN ENTRY--PERSONAL NAME | |
| 9 (RLIN) | 24352 |
| Source of classification or shelving scheme | |
| Source of classification or shelving scheme | |
| Withdrawn status | Lost status | Source of classification or shelving scheme | Damaged status | Not for loan | Collection Code | Permanent Location | Current Location | Shelving location | Date acquired | Total Checkouts | Total Renewals | Full call number | Barcode | Date last seen | Date last checked out | Price effective from | Koha item type | Accession |
|---|---|---|---|---|---|---|---|---|---|---|---|---|---|---|---|---|---|---|
| Tai Collection | Shan State Buddhist University Library | Shan State Buddhist University Library | Tai Shelves | 06/06/2023 | 1 | 1 | 294.3443 သု ႘႘႔(1) | SH0000884 | 22/07/2024 | 13/06/2024 | 06/06/2023 | Books (Long term) | ႘႘႔(1) | |||||
| Tai Collection | Shan State Buddhist University Library | Shan State Buddhist University Library | Tai Shelves | 06/06/2023 | 294.3443 သု ႑႐႙႒(2) | SH00001092 | 06/06/2023 | 06/06/2023 | Books (Long term) | ႑႐႙႒(2) | ||||||||
| Tai Collection | Shan State Buddhist University Library | Shan State Buddhist University Library | Tai Shelves | 06/06/2023 | 1 | 294.3443 သု ႒႓႑႘(3) | SH00002318 | 20/08/2024 | 09/08/2024 | 06/06/2023 | Books (Long term) | ႒႓႑႘(3) | ||||||
| Tai Collection | Shan State Buddhist University Library | Shan State Buddhist University Library | Tai Shelves | 06/06/2023 | 1 | 294.3443 သု ႒႓႑႙(4) | SH00002319 | 30/08/2024 | 07/08/2024 | 06/06/2023 | Books (Long term) | ႒႓႑႙(4) | ||||||
| Tai Collection | Shan State Buddhist University Library | Shan State Buddhist University Library | Tai Shelves | 06/06/2023 | 1 | 294.3443 သု ႒႓႒႐(5) | SH00002320 | 20/07/2023 | 13/07/2023 | 06/06/2023 | Books (Long term) | ႒႓႒႐(5) | ||||||
| Tai Collection | Shan State Buddhist University Library | Shan State Buddhist University Library | Tai Shelves | 06/06/2023 | 1 | 1 | 294.3443 သု ႒႓႒႑(6) | SH00002321 | 30/11/2023 | 18/10/2023 | 06/06/2023 | Books (Long term) | ႒႓႒႑(6) | |||||
| Special Collections | Shan State Buddhist University Library | Shan State Buddhist University Library | Special Collection Shelves | 06/06/2023 | 1 | 294.3443 သု ႒႔႖႑S-SAT | SH00002461 | 31/03/2025 | 05/03/2025 | 06/06/2023 | Books (Long term) | ႒႔႖႑S-SAT |